000 01636nam a2200277Ia 4500
999 _c55758
_d55758
001 22855
003 GE_BSU
005 20191001171836.0
008 181216s2018||||ge |||||||||||||| ||geo||
020 _a9789941441776
040 _cGE_BSU
041 _ageo
080 _a94(479.22)+323.15(479.22) ს-32
245 _aსაქართველო გზად : სტალინიზმის ჩრდილები /
_cშემდგ : მარკ იუნგე, ბერნდ ბონვეჩი ; დანიელ მ. იულერი ; თარგმ : .რუსულიდან.
264 _aთბილისი :
_bკლიო,
_c2018.
300 _a514 გვ .:
_c 23 სმ.
504 _aბიბლიოგრ. ტექსტის შენიშვნებში
546 _aთარგმანი რუსულიდან - Грузия в пути : тени сталинизма.
653 _aისტორია
653 _aსაქართველო გზად : სტალინიზმის ჩრდილები
653 _aსაქართველოს ისტორია. ეთნიკური უმცირესობები საქართველოში. რეპრესიები სსრ კავშირში.
700 _aიუნგე ,მარკ
_eშემდგენლი
_94430
700 _aბონვეჩი , ბერნდ
_eშემდგენლი
_94431
700 _aიულერი , დანიელ მ
_eშემდგენლი
_94432
942 _cBK
_2udc